[Event "Nantes op 11th"]
[Site "Nantes"]
[Date "2012.12.28"]
[Round "3"]
[White "Pasquier, Alan"]
[Black "Liard, Thibaud"]
[Result "0-1"]
[WhiteElo "1220"]
[BlackElo "2200"]
[PlyCount "48"]
[EventDate "2012.12.27"]
[EventType "swiss"]
[EventRounds "7"]
[EventCountry "FRA"]
[SourceTitle "EXT 2014"]
[Source "ChessBase"]
[SourceDate "2013.11.20"]
[SourceVersion "1"]
[SourceVersionDate "2013.11.20"]
[SourceQuality "1"]

1. e4 c5 2. Bc4 Nc6 3. Nf3 d6 4. c3 Nf6 5. Qc2 e6 6. d4 d5 7. Be2 Nxe4 8. Be3 cxd4 9. cxd4 Bb4+ 10. Nbd2 0-0 11. 0-0 f5 12. a3 Bd6 13. Nb3 Bd7 14. Nc5 Nxc5 15. dxc5 Bc7 16. b4 Ne5 17. Nd4 f4 18. Bd2 f3 19. Bxf3 Qh4 20. g3 Qxd4 21. Bg2 Nf3+ 22. Bxf3 Rxf3 23. Be3 Qf6 24. Rfd1 Be5 0-1